| 000 | 00984nam a2200253Ii 4500 | ||
|---|---|---|---|
| 003 | JO-AjNU | ||
| 005 | 20241203131441.0 | ||
| 008 | 230605s9999||||xx |||||||||||||| ||und|| | ||
| 017 | _a23/3607 | ||
| 020 | _a9960-40-206-1 | ||
| 040 |
_aJO-AjNU _bara _erda _cJO-AjNU |
||
| 041 | _aara | ||
| 050 | 1 | 4 | _aT58.6.H37.2003 |
| 100 | 3 |
_aالحسنيه، سليم إبراهيم, _eauthor _927737 |
|
| 245 | 0 | 0 | _aالمنمي لنظم المعلومات : معجم موسوعي للمفاهيم والمصطلحات ،إنجليزي - عربي - فرنسي |
| 250 | _aط1 | ||
| 264 | 3 | 1 | _aالرياض: مكتبة العبيكان، 2003 |
| 300 |
_a738ص _bيشتمل على المراجع الببلوغرافية باللغة العربية واللغة الأجنبية ص(738-733) |
||
| 336 |
_atext _btxt _2rdacontent |
||
| 337 |
_aunmediated _bn _2rdamedia |
||
| 338 |
_avolume _bnc _2rdacarrier |
||
| 650 | 4 |
_aنظم المعلومات -- المعاجم _927738 |
|
| 942 |
_2lcc _cREF |
||
| 999 |
_c14243 _d14243 |
||